Privacy and Social Freedom (Record no. 267)

MARC details
000 -LEADER
fixed length control field 00440nam a2200169Ia 4500
008 - FIXED-LENGTH DATA ELEMENTS--GENERAL INFORMATION
fixed length control field 240428s9999||||xx |||||||||||||| ||und||
020 ## - INTERNATIONAL STANDARD BOOK NUMBER
International Standard Book Number 0521415640
041 ## - LANGUAGE CODE
Language code of text/sound track or separate title eng
082 ## - DEWEY DECIMAL CLASSIFICATION NUMBER
Classification number 323.448S
100 ## - MAIN ENTRY--PERSONAL NAME
Personal name Schoeman, Ferdinand David
245 #0 - TITLE STATEMENT
Title Privacy and Social Freedom
260 ## - PUBLICATION, DISTRIBUTION, ETC.
Name of publisher, distributor, etc. Cambridge University Press
Place of publication, distribution, etc. Cambridge
Date of publication, distribution, etc. 1992
300 ## - PHYSICAL DESCRIPTION
Extent xi, 225p;
650 ## - SUBJECT ADDED ENTRY--TOPICAL TERM
Topical term or geographic name entry element The right to privacy - Social Freedom
942 ## - ADDED ENTRY ELEMENTS (KOHA)
Koha item type Books
Holdings
Withdrawn status Lost status Damaged status Not for loan Home library Current library Shelving location Date acquired Total checkouts Full call number Date last seen Copy number Price effective from Koha item type
        Main Library Main Library Open Shelves 19/08/2021   323.448S 878 C1 29/04/2024 1 29/04/2024 Books
©2026  Parliament of Ghana Library - All rights reserved